Alternate Chinese Flags (Based off of Ideologies) - Statistics

General Stats
  • This quiz has been taken 22 times
  • The average score is 6 of 11
Answer Stats
Picture Answer % Correct
Communist China
100%
Democratic China
70%
Socialist China
70%
Anarchist China
65%
Fascist China
50%
Monarchist China
45%
Imperial China
40%
Syndicalist China
35%
Technocratic China
35%
Unionist China
30%
Theocracy China
20%
No matching quizzes found
Score Distribution
Percent of People with Each Score
Percentile by Number Answered
Your Score History
You have not taken this quiz